[Event "40th IND-chT Open 2020"]
[Site "Ahmedabad"]
[Date "2020.02.09"]
[Round "4.22"]
[White "Santu, Mondal"]
[Black "Himanshu Ranjan"]
[Result "1/2-1/2"]
[WhiteElo "2093"]
[BlackElo "1908"]
[Annotator "NA RC"]
[PlyCount "61"]
[EventDate "2020.02.05"]
[EventCountry "IND"]
[SourceTitle "playchess.com"]
[Source "ChessBase"]
[SourceQuality "1"]
[TimeControl "5400+30"]

1. d4 {[%emt 0:00:00]} Nf6 {[%emt 0:00:00]} 2. g3 {[%emt 0:00:30]} d5 {[%emt 0:00:30]} 3. c4 {[%emt 0:00:30]} e6 {[%emt 0:00:30]} 4. Nf3 {[%emt 0:00:30]} Be7 {[%emt 0:00:30]} 5. Bg2 {[%emt 0:00:30]} O-O {[%emt 0:00:30]} 6. O-O {[%emt 0:00:30]} dxc4 {[%emt 0:00:30]} 7. Qc2 {[%emt 0:00:30]} a6 {[%emt 0:00:30]} 8. a4 {[%emt 0:00:30]} Bd7 {[%emt 0:00:30]} 9. Qxc4 {[%emt 0:00:30]} Bc6 {[%emt 0:00:30]} 10. Nc3 {[%emt 0:00:30]} b5 $1 {[%emt 0:00:30]} 11. Qd3 {[%emt 0:00:30] E05: Open Catalan: 5 Nf3 Be7.} b4 {[%emt 0:00:30]} 12. Nb1 {[%emt 0:00:30] [#]} a5 $146 {[%emt 0:00:30]} ({Predecessor:} 12... Be4 13. Qd1 Nbd7 14. Bg5 c5 15. Nbd2 Bd5 16. Bxf6 Nxf6 17. dxc5 Bxc5 18. Nb3 Rc8 19. Ne5 Bd6 20. Bxd5 Nxd5 21. Nd3 {1-0 (54) Kamsky,G (2721)-Radjabov,T (2713) Beijing 2013}) 13. Bg5 {[%emt 0:00:30]} Bb7 {[%emt 0:00:30]} 14. Bxf6 {[%emt 0:00:30]} Bxf6 {[%emt 0:00:30]} 15. Nbd2 {[%emt 0:00:30]} c5 {[%emt 0:00:30]} 16. Ne4 {[%emt 0:00:30]} cxd4 {[%emt 0:00:30]} 17. Nxf6+ {[%emt 0:00:30]} Qxf6 {[%emt 0:00:30]} 18. Qxd4 {[%emt 0:00:30]} Qxd4 {[%emt 0:00:30]} 19. Nxd4 {[%emt 0:00:30]} Bxg2 {[%emt 0:00:30]} 20. Kxg2 $11 {[%emt 0:00:30]} Re8 {[%emt 0:00:30]} ({Black should try} 20... Rc8 $11) 21. Rfc1 {[%emt 0:00:30]} Nd7 {[%emt 0:00:30]} 22. b3 {[%emt 0:00:30]} Kf8 {[%emt 0:00:30]} 23. Kf3 {[%emt 0:00:30]} Ke7 {[%emt 0:00:30]} 24. Ke3 {[%emt 0:00:30]} Nf6 {[%emt 0:00:30]} 25. Nb5 {[%emt 0:00:30]} Nd5+ {[%emt 0:00:30]} 26. Kd2 {[%emt 0:00:30]} Nf6 {[%emt 0:00:30]} 27. Ke3 {[%emt 0:00:30]} Nd5+ {[%emt 0:00:30]} 28. Kd2 {[%emt 0:00:30]} Nf6 {[%emt 0:00:30]} 29. Ke3 {[%emt 0:00:30]} Nd5+ {[%emt 0:00:30]} 30. Kd2 {[%emt 0:00:30]} Nf6 {[%emt 0:00:30]} 31. Ke3 {[%emt 0:00:30]} 1/2-1/2

[Event "40th IND-chT Open 2020"]
[Site "Ahmedabad"]
[Date "2020.02.09"]
[Round "4.23"]
[White "Kumar, Gaurav"]
[Black "Aradhya, Garg"]
[Result "0-1"]
[WhiteElo "2069"]
[BlackElo "2169"]
[Annotator "TA"]
[PlyCount "54"]
[EventDate "2020.02.05"]
[EventCountry "IND"]
[SourceTitle "playchess.com"]
[Source "ChessBase"]
[SourceQuality "1"]

{[%evp 18,54,4,11,0,-14,0,-33,-34,-19,-16,-31,-39,-103,-66,-185,-193,-185,-191,-187,-201,-302,-292,-264,-263,-334,-316,-339,-356,-333,-334,-604,-593,-604,-596,-595,-592,-554,-535]} 1. e4 e5 2. Nf3 Nc6 3. d4 exd4 4. Nxd4 Nf6 5. Nxc6 bxc6 6. e5 Qe7 7. Qe2 Nd5 8. c4 Nb6 9. Nc3 Qe6 10. Qe4 g6 {C45: Scotch Game.} 11. f4 d5 12. exd6 {has lost popularity (12.cxd5).} cxd6 {Black is slightly better.} 13. Be3 Bg7 {[#] aiming for ...Bxc3+.} 14. Qxe6+ $146 ({Predecessor:} 14. O-O-O Bxc3 15. Qxe6+ Bxe6 16. bxc3 O-O-O 17. Bd4 Rhg8 18. c5 dxc5 19. Ba6+ Kb8 20. Bxc5 Bxa2 {0-1 (46) Movsesian,S (2651)-Almasi,Z (2672) Germany 2002}) 14... Bxe6 15. Ne4 ({White should try} 15. O-O-O $15) 15... d5 ({Much weaker is} 15... Bxb2 $6 16. Rb1 $11) 16. Nd6+ (16. cxd5 $15 Bxd5 17. Nc3) 16... Kd7 $19 17. c5 Na4 18. Rd1 Bxb2 19. Ba6 (19. Be2 $142) 19... Bc3+ 20. Kf2 Rab8 21. Nb7 Bf5 22. Rd4 Bxd4 23. Bxd4 Rhe8 24. Be5 $2 {[#]} (24. Nd6 Re6 25. Nxf7) 24... Rxb7 $1 {[%mdl 64] Remove Defender. Black is clearly winning.} 25. Bxb7 Nxc5 26. Bxc6+ Kxc6 27. Rc1 Bd3 {Accuracy: White = 41%, Black = 93%.} 0-1

[Event "40th IND-chT Open 2020"]
[Site "Ahmedabad"]
[Date "2020.02.09"]
[Round "4.24"]
[White "Adarsh Tripathi"]
[Black "Sudhanshu Ranjan"]
[Result "1-0"]
[WhiteElo "2100"]
[BlackElo "1978"]
[Annotator "TA"]
[PlyCount "37"]
[EventDate "2020.02.05"]
[EventCountry "IND"]
[SourceTitle "playchess.com"]
[Source "ChessBase"]
[SourceQuality "1"]

{[%evp 25,37,-22,0,-99,52,40,503,504,485,479,505,517,505,475]} 1. e4 c5 2. Nc3 Nc6 3. Nge2 e6 4. d4 cxd4 5. Nxd4 Qc7 6. Be3 a6 7. Be2 b5 8. O-O Nf6 9. a3 Bb7 10. f4 Nxd4 11. Qxd4 Rc8 12. Bf3 Be7 13. Rad1 O-O 14. Kh1 {[#] B47: Sicilian: Taimanov: 5 Nc3 Qc7 6 f4, 6 g3 and 6 Be2.} (14. Rd3 $11 {keeps the balance.}) 14... Rfd8 $146 (14... Bxa3 $1 $17 {[%mdl 512]} 15. Ne2 (15. bxa3 Qxc3) 15... Be7) ({Predecessor:} 14... d6 15. Qd2 Bc6 16. Qf2 Qb7 17. e5 dxe5 18. fxe5 Ne4 19. Nxe4 Bxe4 20. c3 Bxf3 21. Qxf3 Qxf3 22. gxf3 {1-0 (71) Goldsztejn,G (2415)-Roser,K (2428) France 2008}) 15. Qb6 {Hoping for e5.} Bc5 $2 {[%mdl 8192]} ({Black should play} 15... Bxa3 $14 16. Qxc7 (16. bxa3 Qxc3 {[%mdl 64] Double Attack} 17. Qxb7 Qxe3 $11) 16... Rxc7) 16. Bxc5 $18 {[%mdl 64] Overworked Piece. White is clearly winning.} Qxc5 17. Qxb7 Ra8 {intending ...Rdb8.} 18. e5 Ra7 19. Ne4 ({Weaker is} 19. exf6 Rxb7 20. Bxb7 d5 $16) 1-0